Vybrané otázky skúmania eko-inovácií zborník vedeckých príspevkov z riešenia výskumného projektu VEGA 1/0408/18

Guardado en:
Detalles Bibliográficos
Autor Corporativo: Univerzita Mateja Bela v Banskej Bystrici. Ekonomická fakulta
Otros Autores: Lesáková, Ľubica
Formato: Libro
Lenguaje:eslovaco
Publicado: Banská Bystrica BELIANUM 2019
Edición:1. vydanie
Materias:
Etiquetas: Agregar Etiqueta
Sin Etiquetas, Sea el primero en etiquetar este registro!

MARC

LEADER 00000nam a2200000 4500
001 0264954
005 20240417115151.4
020 |a 978-80-557-1640-4 
041 0 |a slo 
044 |a SK 
245 1 0 |a Vybrané otázky skúmania eko-inovácií  |b zborník vedeckých príspevkov z riešenia výskumného projektu VEGA 1/0408/18  |c Ľubica Lesáková a kolektív 
250 |a 1. vydanie 
264 1 |a Banská Bystrica  |b BELIANUM  |c 2019 
300 |a 141 s. 
610 2 0 |a ekológia 
610 2 0 |a inovácia 
610 2 0 |a technológia 
610 2 0 |a environmentalistika 
610 2 0 |a podnik 
610 2 0 |a produkty 
610 2 0 |a služby 
610 2 0 |a nástroje finančné 
610 2 0 |a indexy 
610 2 0 |a meranie 
700 1 |a Lesáková, Ľubica 
710 2 |a Univerzita Mateja Bela v Banskej Bystrici. Ekonomická fakulta